<?xml version="1.0" encoding="UTF-8"?>
<record
    xmlns:xsi="http://www.w3.org/2001/XMLSchema-instance"
    xsi:schemaLocation="http://www.loc.gov/MARC21/slim http://www.loc.gov/standards/marcxml/schema/MARC21slim.xsd"
    xmlns="http://www.loc.gov/MARC21/slim">

  <leader>02320nam a2200409 a 4500</leader>
  <controlfield tag="008">130729t2015    ag a|||f |||| 001 0 spa d</controlfield>
  <datafield tag="020" ind1=" " ind2=" ">
    <subfield code="a">9789874579201</subfield>
  </datafield>
  <datafield tag="041" ind1=" " ind2=" ">
    <subfield code="a">spa</subfield>
  </datafield>
  <datafield tag="092" ind1=" " ind2=" ">
    <subfield code="c">616.07</subfield>
    <subfield code="l">10</subfield>
    <subfield code="s">CAL</subfield>
  </datafield>
  <datafield tag="100" ind1="1" ind2=" ">
    <subfield code="a">Calandra, Ricardo S.</subfield>
    <subfield code="e">Ed.</subfield>
    <subfield code="9">3032</subfield>
  </datafield>
  <datafield tag="245" ind1=" " ind2=" ">
    <subfield code="a">Fisiopatolog&#xED;a molecular y cl&#xED;nica endocrinol&#xF3;gica /</subfield>
    <subfield code="c">Ricardo  S. Calandra</subfield>
  </datafield>
  <datafield tag="250" ind1=" " ind2=" ">
    <subfield code="a">1a ed.</subfield>
    <subfield code="b">Pr&#xF3;logo Eduardo H. Charreau</subfield>
  </datafield>
  <datafield tag="260" ind1=" " ind2=" ">
    <subfield code="a">Buenos Aires:</subfield>
    <subfield code="b">Eli Lilly Interamerica;</subfield>
    <subfield code="c">2015.</subfield>
  </datafield>
  <datafield tag="300" ind1=" " ind2=" ">
    <subfield code="a">1370 p.</subfield>
    <subfield code="b">28x21 cm.</subfield>
    <subfield code="e">il.</subfield>
  </datafield>
  <datafield tag="500" ind1=" " ind2=" ">
    <subfield code="a">Calandra, R. S. y Barantoni, M. B. (2015). Fisiopatolog&#xED;a molecular y cl&#xED;nica endocrinol&#xF3;gica. (1a ed.). Buenos Aires : Lilly.</subfield>
  </datafield>
  <datafield tag="653" ind1=" " ind2=" ">
    <subfield code="a">Principios de biolog&#xED;a y gen&#xE9;tica</subfield>
  </datafield>
  <datafield tag="653" ind1=" " ind2=" ">
    <subfield code="a">T&#xE9;cnicas moleculares y modelos utilizados en el laboratorio endocrinol&#xF3;gico</subfield>
  </datafield>
  <datafield tag="653" ind1=" " ind2=" ">
    <subfield code="a">Bases de la inmunolog&#xED;a. interacciones inmunoendocrinas.</subfield>
  </datafield>
  <datafield tag="653" ind1=" " ind2=" ">
    <subfield code="a">Introducci&#xF3;n a la endocrinolog&#xED;a</subfield>
  </datafield>
  <datafield tag="653" ind1=" " ind2=" ">
    <subfield code="a">Neuroendocrinolog&#xED;a: Bases fisiol&#xF3;gicas, fisiopatol&#xF3;gicas, diagn&#xF3;stico y tratamiento</subfield>
  </datafield>
  <datafield tag="653" ind1=" " ind2=" ">
    <subfield code="a">Hormonas producidas por el coraz&#xF3;n: bases fisiol&#xF3;gicas y fisiopatolog&#xED;a</subfield>
  </datafield>
  <datafield tag="653" ind1=" " ind2=" ">
    <subfield code="a">Hormonas gastrontestinales: bases fisiol&#xF3;gicas y fisiopatolog&#xED;a</subfield>
  </datafield>
  <datafield tag="653" ind1=" " ind2=" ">
    <subfield code="a">Corteza suprarrenal: bases fisiol&#xF3;gicas, fisiopatolog&#xED;a, diagn&#xF3;stico y tratamiento</subfield>
  </datafield>
  <datafield tag="653" ind1=" " ind2=" ">
    <subfield code="a">M&#xE9;dula suprarrenal: bases fisiol&#xF3;gicas, fisiopatolog&#xED;a, diagn&#xF3;stico y tratamiento</subfield>
  </datafield>
  <datafield tag="653" ind1=" " ind2=" ">
    <subfield code="a">Tiroides: bases fisiol&#xF3;gicas, fisiopatolog&#xED;a, diagn&#xF3;stico y tratamiento</subfield>
  </datafield>
  <datafield tag="653" ind1=" " ind2=" ">
    <subfield code="a">Metabolismo del fosf&#xF3;ro/calcio: bases fisiol&#xF3;gicas, fisiopatolog&#xED;a, diagn&#xF3;stico y tratamiento</subfield>
  </datafield>
  <datafield tag="653" ind1=" " ind2=" ">
    <subfield code="a">Funcion reproductiva masculina: bases fisiol&#xF3;gicas, fisiopatolog&#xED;a, diagn&#xF3;stico y tratamiento</subfield>
  </datafield>
  <datafield tag="653" ind1=" " ind2=" ">
    <subfield code="a">Funci&#xF3;n reproductiva femenina: bases fisiol&#xF3;gicas, fisiopatolog&#xED;a, diagn&#xF3;stico y tratamiento</subfield>
  </datafield>
  <datafield tag="653" ind1=" " ind2=" ">
    <subfield code="a">Biolog&#xED;a de la reproducci&#xF3;n</subfield>
  </datafield>
  <datafield tag="653" ind1=" " ind2=" ">
    <subfield code="a">Menopausia y andropausia: bases fisiol&#xF3;gicas, fisiopatolog&#xED;a, diagn&#xF3;stico y tratamiento</subfield>
  </datafield>
  <datafield tag="653" ind1=" " ind2=" ">
    <subfield code="a">C&#xE1;nceres hormonodependientes: fisiopatolog&#xED;a, diagn&#xF3;stico y tratamiento</subfield>
  </datafield>
  <datafield tag="653" ind1=" " ind2=" ">
    <subfield code="a">Diabetes Mellitus: bases fisiol&#xF3;gicas, fisiopatolog&#xED;a, diagn&#xF3;stico, clasificaci&#xF3;n y tratamiento</subfield>
  </datafield>
  <datafield tag="653" ind1=" " ind2=" ">
    <subfield code="a">Hipoglucemia</subfield>
  </datafield>
  <datafield tag="653" ind1=" " ind2=" ">
    <subfield code="a">Nutrici&#xF3;n y endocrinolog&#xED;a</subfield>
  </datafield>
  <datafield tag="700" ind1="1" ind2=" ">
    <subfield code="a">Barantoni, Marta B.</subfield>
    <subfield code="e">Ed.</subfield>
    <subfield code="9">3033</subfield>
  </datafield>
  <datafield tag="942" ind1=" " ind2=" ">
    <subfield code="2">ddc</subfield>
    <subfield code="c">BK</subfield>
  </datafield>
  <datafield tag="999" ind1=" " ind2=" ">
    <subfield code="c">2235</subfield>
    <subfield code="d">2235</subfield>
  </datafield>
  <datafield tag="952" ind1=" " ind2=" ">
    <subfield code="0">0</subfield>
    <subfield code="1">0</subfield>
    <subfield code="2">ddc</subfield>
    <subfield code="4">0</subfield>
    <subfield code="7">0</subfield>
    <subfield code="a">BFM</subfield>
    <subfield code="b">BFM</subfield>
    <subfield code="c">CR</subfield>
    <subfield code="d">2015-11-02</subfield>
    <subfield code="e">Donacion Laboratorio Eli Lilly Interamerica, Octubre 2015</subfield>
    <subfield code="l">2</subfield>
    <subfield code="o">616.07 10 CAL</subfield>
    <subfield code="p">3623</subfield>
    <subfield code="r">2019-02-15</subfield>
    <subfield code="s">2019-02-08</subfield>
    <subfield code="t">Ej. 1</subfield>
    <subfield code="w">2015-11-02</subfield>
    <subfield code="y">BK</subfield>
    <subfield code="z">Donacion Laboratorio Eli Lilly Interamerica, Octubre 2015</subfield>
  </datafield>
</record>
